How to keep your admiralty products up-to-date
Saved in:
| Format: | Book |
|---|---|
| Language: | English |
| Published: |
Britain :
United Kingdom Hydrographic Office,
c2011.
|
| Edition: | 6th ed. |
| Subjects: | |
| Tags: |
Add Tag
No Tags, Be the first to tag this record!
|
MARC
| LEADER | 00000cam a2200000 a 4500 | ||
|---|---|---|---|
| 001 | 1/120130 | ||
| 008 | 191015t2011####enk| ||| |||| ||eng|| | ||
| 020 | |a 9780707741307 |q (χαρτόδετο) | ||
| 040 | |a GR-MyUa |b gre |c GR-MyUa |e AACR2 | ||
| 041 | 0 | |a eng | |
| 082 | 7 | |a 359.03 |2 (23) | |
| 245 | 1 | 0 | |a How to keep your admiralty products up-to-date/ |
| 250 | |a 6th ed. | ||
| 260 | |a Britain : |b United Kingdom Hydrographic Office, |c c2011. | ||
| 300 | |a 112 σ. : |b εικ. ; |c 30 εκ. | ||
| 500 | |a Admiralty charts and publications. NP294. | ||
| 650 | 0 | |a Admiralty. | |
| 852 | |a INST |b CHIOS |e 20191015 |h 359.03 HOW |p 005200037493 |q 005200037493 |t BK |y 0 | ||
| 920 | |a Dorian Hellas S.A. |b Dorian LPG |y Χίος |z 2015-05 | ||
| 970 | |a Παροικάκη |b Βασιλική |z 15/10/2019 | ||